| 000 | 00605nam a2200217 a 4500 | ||
|---|---|---|---|
| 005 | 20240423063625.0 | ||
| 008 | 061122s2005 es r 000 0 spa d | ||
| 020 | _a8485401042 (10 dígitos) | ||
| 020 | _a9788496950306 (13 dígitos) | ||
| 035 | _aUPN01000148045 | ||
| 049 | _aCG | ||
| 050 | 4 |
_aHV5735 _bB4.7 |
|
| 100 | 1 |
_aBecoña Iglesias, Elisardo _935584 |
|
| 245 | 1 | 0 |
_aTabaco / _cElisardo Becoña Iglesias. |
| 260 |
_aVigo, Esp. : _bNova Galicia, _c2005. |
||
| 300 |
_a53 p. : _bil. |
||
| 440 | 0 | _aQué me dices de... | |
| 650 | 2 |
_aTabaquismo _9518 |
|
| 650 | 4 |
_aTABACO _97974 |
|
| 905 | _aLibro | ||
| 999 |
_c120187 _d120187 |
||